[Event "GER-chT U14 Girls"]
[Site "Arendsee"]
[Date "2011.12.29"]
[Round "6.4"]
[White "Meyer, Franziska"]
[Black "Mushket, Aleksandra"]
[Result "0-1"]
[WhiteElo "904"]
[BlackElo "800"]
[PlyCount "72"]
[EventDate "2011.12.27"]
[EventType "team-swiss"]
[EventRounds "7"]
[EventCountry "GER"]
[SourceTitle "EXT 2022"]
[Source "ChessBase"]
[SourceDate "2021.10.06"]
[SourceVersion "1"]
[SourceVersionDate "2021.10.06"]
[SourceQuality "1"]
[WhiteTeam "Uttenreuth U14 Girls"]
[BlackTeam "Luebeck SV U14 Girls"]
[WhiteTeamCountry "GER"]
[BlackTeamCountry "GER"]

1. d4 d5 2. e3 Nc6 3. Bd3 Nf6 4. f4 Bg4 5. Nf3 e6 6. Nbd2 Bd6 7. 0-0 0-0 8. Qe1 Re8 9. Ne5 Bf5 10. Bxf5 exf5 11. Ndf3 h6 12. c3 Ne4 13. Nd2 Nxd2 14. Bxd2 f6 15. Nxc6 bxc6 16. Qg3 c5 17. Qg6 cxd4 18. cxd4 Rb8 19. b3 Bb4 20. Bxb4 Rxb4 21. Rf3 Re7 22. Qxf5 Qe8 23. Re1 a5 24. Rg3 a4 25. Qg4 h5 26. Qf5 c6 27. Rh3 g6 28. Qxf6 Qf7 29. Qg5 Kf8 30. Rf1 axb3 31. axb3 Rxb3 32. f5 gxf5 33. Rxf5 Ke8 34. Rxf7 Rxf7 35. Qxh5 Rb1+ 36. Qd1 Rxd1# 0-1

[Event "GER-chT U14 Girls"]
[Site "Dittrichshuette"]
[Date "2008.12.29"]
[Round "5.3"]
[White "Meyer, Franziska"]
[Black "Winkelmann, Elise"]
[Result "0-1"]
[WhiteElo "834"]
[BlackElo "944"]
[PlyCount "62"]
[EventDate "2008.12.27"]
[EventType "team-swiss"]
[EventRounds "7"]
[EventCountry "GER"]
[SourceTitle "EXT 2010"]
[Source "ChessBase"]
[SourceDate "2010.11.25"]
[SourceVersion "1"]
[SourceVersionDate "2010.11.25"]
[SourceQuality "1"]
[WhiteTeam "Uttenreuth"]
[BlackTeam "Dresden Gruen Weiss"]
[WhiteTeamCountry "GER"]
[BlackTeamCountry "GER"]

1. d4 d5 2. e3 e6 3. Bd3 f5 4. c3 Nf6 5. f4 c5 6. Nf3 Nc6 7. 0-0 b6 8. Ne5 Bb7 9. Bb5 Rc8 10. Qa4 Qc7 11. Nxc6 Bxc6 12. Bxc6+ Qxc6 13. Qxa7 Ra8 14. Qxa8+ Qxa8 15. Nd2 c4 16. b3 b5 17. Bb2 Be7 18. a4 bxa4 19. Rxa4 Qb7 20. Rfa1 Kf7 21. Ra7 Qb5 22. R7a5 Qe8 23. Ra8 Bd8 24. R1a7+ Kg6 25. Rb8 cxb3 26. Nxb3 Qc6 27. Raa8 Qc4 28. Nc5 Qe2 29. Ra1 Qxe3+ 30. Kf1 Ng4 31. Nd3 Nxh2# 0-1

[Event "GER-chT U14 Girls"]
[Site "Dittrichshuette"]
[Date "2008.12.28"]
[Round "4.3"]
[White "Dietzel, Thurid"]
[Black "Meyer, Franziska"]
[Result "1-0"]
[WhiteElo "1056"]
[BlackElo "834"]
[PlyCount "45"]
[EventDate "2008.12.27"]
[EventType "team-swiss"]
[EventRounds "7"]
[EventCountry "GER"]
[SourceTitle "EXT 2010"]
[Source "ChessBase"]
[SourceDate "2010.11.25"]
[SourceVersion "1"]
[SourceVersionDate "2010.11.25"]
[SourceQuality "1"]
[WhiteTeam "Jena Schott"]
[BlackTeam "Uttenreuth"]
[WhiteTeamCountry "GER"]
[BlackTeamCountry "GER"]

1. e4 d5 2. exd5 Qxd5 3. Nc3 Qa5 4. d4 c6 5. Nf3 Nf6 6. Bc4 e6 7. a3 Qc7 8. 0-0 Bd6 9. g3 0-0 10. Re1 c5 11. d5 exd5 12. Nxd5 Nxd5 13. Bxd5 Bg4 14. Re4 Bh5 15. Rh4 Bg6 16. Ng5 Be7 17. Qg4 Qe5 18. Bxb7 Qe1+ 19. Kg2 Be4+ 20. Bxe4 Nd7 21. Nf3 Qd1 22. Rxh7 Nf6 23. Qxg7# 1-0